00543nam a2200193Ii 450000100060000000300090000600800410001502000150005604000330007104100080010408200150011210000430012724500360017026400500020630000120025633600260026833700280029433800270032222654CO-ViMGA241108s9999||||xx |||||||||||||| ||und|| a8434210215 aCO-ViMGAbspaerdacCO-ViMGA0 aspa04a752.1 P17t1 aParramón Vilasaló, José María.10aTeoría y práctica del color 1aMadrid, España : Parramón Ediciones, 2001 avolumen atextbtxt2rdacontent aunmediatedbn2rdamedia avolumebnc2rdacarrier